[Event "19th Bangkok Open 2019"]
[Site "Bangkok"]
[Date "2019.04.11"]
[Round "6.6"]
[White "Vijayalakshmi, Subbaraman"]
[Black "Karthik Venkataraman"]
[Result "1/2-1/2"]
[WhiteElo "2345"]
[BlackElo "2505"]
[Annotator "TA"]
[PlyCount "196"]
[EventDate "2019.04.06"]
[EventType "swiss"]
[EventCountry "THA"]
[SourceTitle "playchess.com"]
[Source "ChessBase"]
[SourceQuality "1"]

{[%evp 17,196,23,21,10,20,11,43,0,8,-17,-16,-68,-62,-49,-62,-48,-50,-62,-68,-68,-37,-82,-88,-147,-154,-187,-72,-88,-56,-62,-70,-67,-58,-58,-64,-66,-54,-100,-102,-113,-100,-96,-99,-99,-51,-51,-51,-61,-35,-27,-40,-73,-73,-72,-72,-66,-66,-73,-60,-71,-52,-80,-72,-72,-79,-103,-106,-99,-100,-117,-117,-111,-101,-118,-96,-103,-77,-77,-39,-39,-4,-17,-17,-8,0,0,0,-5,-13,-28,-28,-52,0,-117,-106,-106,-68,-86,-82,-82,-71,-77,-66,-87,-87,-112,-74,-71,-78,-80,-80,-112,-94,-92,-85,-186,-185,-185,-182,-166,-154,-154,-140,-142,-131,-124,-93,-134,-134,-134,-134,-159,-134,-134,-134,-181,-181,-193,-181,-181,-134,-134,-134,-134,-134,-134,-134,-134,-134,-134,-134,-134,-134,-134,-134,-134,-134,-134,-134,-134,-134,-134,-134,-134,-134,-134,-134,-134,-134,-134,-134,-134,-134,-134,-134,-134,-134,-134,-134,-134,-134]} 1. d4 Nf6 2. Nf3 g6 3. g3 c5 4. Bg2 Bg7 5. O-O O-O 6. c4 cxd4 7. Nxd4 Nc6 8. Nc3 Qa5 9. Nb3 Qh5 10. e4 {A39: Symmetrical English vs ...g6: 4 Bg2 Bg7 5 Nf3 Nf6 6 0-0 0-0 7 d4} d6 11. Nd5 Ng4 $146 {[%csl Gg4][%cal Rh5h2] [#]} ({Predecessor:} 11... Qxd1 12. Rxd1 Nxd5 13. cxd5 Ne5 14. Nd4 Bd7 15. Bg5 Rfe8 16. Rac1 h6 17. Be3 Rec8 18. b3 Ng4 19. Bf1 Nxe3 20. fxe3 Kf8 21. Kf2 a6 22. Ke1 {½-½ (60) Adly,A (2594)-Vachier Lagrave,M (2762) Dubai 2014}) 12. h3 {White is slightly better.} (12. h4 {is interesting.} h6 13. f3 Nf6 14. Be3 Bd7 15. Rb1) 12... Nge5 13. Qxh5 gxh5 14. Nc7 (14. c5 $11) 14... Rb8 $15 15. c5 dxc5 $1 16. Nxc5 b6 17. N5a6 Bxa6 $1 18. Nxa6 Rbd8 19. f4 Nd3 20. e5 (20. Bf3 $142) 20... Nd4 $17 21. Kh2 Nc2 (21... Ne2 $19 {is more deadly.} 22. Bd2 h4 23. gxh4 Nxb2) 22. Rb1 Nxc1 23. Rbxc1 Rd2 24. Kg1 Rfd8 25. Rf2 Rxf2 26. Kxf2 Rd2+ 27. Kg1 Nd4 28. Rc8+ Bf8 29. Nb8 Kg7 30. Nd7 Ne2+ {[%mdl 64] [#] Discovered Attack} 31. Kf2 Nxf4+ ({Much weaker is} 31... Rxb2 32. Be4 $11) 32. Ke3 Rxd7 33. gxf4 $15 {[%mdl 4096] Endgame KRB-KRB} e6 34. Rc4 Rd1 35. Bf3 Rb1 36. Rc2 Bc5+ 37. Ke4 Kh6 38. f5 Re1+ 39. Be2 Kg5 40. fxe6 fxe6 41. Kf3 Rh1 42. Kg2 Rg1+ 43. Kh2 Re1 44. Bc4 Bd4 45. b3 Kf5 46. Bd3+ Kf4 {Strongly threatening ...Kf3.} 47. Re2 Bg1+ 48. Kg2 $1 Rd1 49. Bc2 Rc1 50. Re4+ $1 Kf5 51. Re2+ Kf4 52. Re4+ $1 Kg5 53. Rc4 Bc5 54. Bxh7 Rd1 (54... Rxc4 $15 55. bxc4 Kf4) 55. Bc2 (55. h4+ $11 Kh6 56. Bc2 Rg1+ 57. Kf3) 55... Rd2+ $17 56. Kf1 Bd4 57. Bh7 Bxe5 58. Re4 Kf6 59. Re2 Rd6 60. Rf2+ Kg5 61. Rf7 a5 62. Ke2 Bf4 63. Bd3 e5 64. a3 Kh4 65. Bf5 Bg5 66. Rd7 (66. a4 $17) 66... Rf6 $19 67. Be4 Kxh3 68. Rd3+ Kh4 69. Bf3 Bf4 70. Rd1 Kg5 71. Rg1+ Kh6 72. Rg8 Kh7 {Black is clearly better.} 73. Rc8 h4 74. Rc7+ Kg8 75. Rc6 Kf7 76. Rxf6+ Kxf6 $17 {KB-KB} 77. Be4 Kg5 78. Kf3 h3 79. a4 Kh4 80. Bc6 Bh2 81. Bd5 Bg1 82. Bc6 Kg5 83. Bb7 Kf6 84. Ke2 Bc5 85. Bc8 h2 86. Bb7 Kg5 87. Ba8 Kg4 88. Bb7 Kf4 {( -> ...e4)} 89. Kd3 Bd4 90. Ba8 Kf5 91. Bb7 Ke6 92. Be4 Kd6 93. Kc4 Ke7 94. Kd3 Kf6 95. Bb7 Kf5 96. Ba8 Kf4 97. Bb7 Kg3 {...Kf2 is the strong threat.} 98. Ke2 Bc5 {Accuracy: White = 60%, Black = 72%.} 1/2-1/2

[Event "19th Bangkok Open 2019"]
[Site "Bangkok"]
[Date "2019.04.11"]
[Round "6.7"]
[White "Menkinoski, Riste"]
[Black "Swapnil, S. Dhopade"]
[Result "1/2-1/2"]
[WhiteElo "2306"]
[BlackElo "2488"]
[Annotator "TA"]
[PlyCount "114"]
[EventDate "2019.04.06"]
[EventType "swiss"]
[EventCountry "THA"]
[SourceTitle "playchess.com"]
[Source "ChessBase"]
[SourceQuality "1"]

{[%evp 16,114,0,-10,-17,-39,-10,0,8,0,24,35,58,42,50,0,0,0,0,0,0,0,75,-8,-8,-8,-8,-12,18,0,18,17,12,37,0,0,0,0,0,0,0,0,0,0,0,0,102,102,108,108,110,116,403,403,403,403,395,395,403,389,388,245,388,288,388,388,388,388,388,388,385,385,385,381,285,0,381,375,403,403,388,388,388,357,305,141,144,8,8,8,8,8,8,8,8,8,8,8,8,8,8]} 1. e4 c6 2. d4 d5 3. exd5 cxd5 4. c4 Nf6 5. Nc3 Nc6 6. Nf3 Be6 7. Bg5 g6 8. Bxf6 exf6 9. c5 Bg7 {B13: Caro-Kann: Exchange Variation and Panov-Botvinnik Attack} 10. Bb5 O-O 11. h3 g5 12. O-O Ne7 13. Bd3 {[#]} h6 $146 ({Predecessor:} 13... Qd7 14. Re1 h5 15. Nh2 h4 16. Qh5 Rfe8 17. Nb5 {1-0 (29) Jones,G (2635)-Lesiege,A (2512) Baku 2016}) 14. Re1 f5 15. Ne5 Nc6 16. Nb5 a6 17. Nd6 {[%mdl 64] Double Attack} Nxd4 18. Bxa6 Nc6 (18... Rxa6 $11 {keeps the balance.} 19. Qxd4 b6) 19. Nxc6 ({Don't blunder} 19. Nxb7 $2 Qc7 $19) (19. Nexf7 $1 $16 Bxf7 20. Bxb7 {[%mdl 64] Double Attack}) 19... bxc6 $11 20. Bb7 Rb8 $1 21. Bxc6 Bxb2 22. Bxd5 Bxd5 23. Qxd5 {Hoping for Rad1.} Bxa1 24. Rxa1 Qf6 25. Rc1 Rfd8 26. Rd1 Qe6 27. Qxe6 fxe6 {[%mdl 4096] Endgame KRR-KRN} 28. Re1 f4 29. Rxe6 Rb1+ 30. Kh2 Kh7 (30... Ra8 $11) 31. c6 $1 $16 {[%cal Rc6c7]} Rc1 {[#]} 32. Re7+ $1 Kg6 33. Rd7 Ra8 $2 {[%mdl 8192]} (33... Rb8 $16) 34. c7 $18 Rxa2 35. c8=Q Rxc8 36. Nxc8 Rxf2 {KRN-KR} 37. Ne7+ Kf7 38. Kg1 Rc2 (38... Rb2 {might work better.} 39. Nc6+ Kg8) 39. Ra7 Ke6 {[#]} 40. Ng8 $1 h5 41. Ra6+ Kf7 42. Nh6+ Kg7 43. Nf5+ Kf7 44. Nd6+ Ke7 45. Nf5+ Kf7 46. Ra5 Kg6 47. Nd4 Rc1+ 48. Kf2 g4 49. Ra6+ Kf7 50. Ne2 (50. h4 $18 {is more deadly.}) 50... g3+ $16 51. Nxg3 (51. Kf3 $16 Rf1+ 52. Ke4) 51... fxg3+ $11 {The position is equal.} 52. Kxg3 $16 {Black must now prevent Kh4. KR-KR} Kg7 53. Kf4 Rc4+ 54. Kg5 {aiming for Ra7+.} Rc5+ 55. Kh4 Rb5 56. g4 hxg4 57. hxg4 Rc5 {Accuracy: White = 52%, Black = 53%.} 1/2-1/2

[Event "19th Bangkok Open 2019"]
[Site "Bangkok"]
[Date "2019.04.11"]
[Round "6.8"]
[White "Salvador, Louie"]
[Black "Kunte, Abhijit"]
[Result "1/2-1/2"]
[WhiteElo "2270"]
[BlackElo "2485"]
[Annotator "TA"]
[PlyCount "60"]
[EventDate "2019.04.06"]
[EventType "swiss"]
[EventCountry "THA"]
[SourceTitle "playchess.com"]
[Source "ChessBase"]
[SourceQuality "1"]

{[%evp 11,60,17,25,0,14,-4,0,-12,26,25,31,26,28,31,42,7,3,8,8,-68,0,-13,1,-1,0,0,0,-12,0,-22,-10,-15,-11,-28,0,-29,-41,-49,0,0,0,-31,-14,-14,0,0,0,-14,0,0,0]} 1. e4 e5 2. Nf3 Nc6 3. Bc4 Bc5 4. d3 Nf6 5. c3 a6 6. b4 Ba7 7. Bg5 {C54: Giuoco Piano: 4 c3 Nf6, main lines with 5 d4 and 5 d3} (7. Bb3 d6 8. O-O h6 9. Nbd2 O-O 10. a4 Be6 11. Bb2 Re8 12. b5 Nb8 13. Bc2 Nbd7 14. d4 c6 15. bxc6 bxc6 16. Ba3 Qc7 17. Re1 Bg4 18. h3 Bxf3 19. Nxf3 d5 20. exd5 {½-½ (20) Dubov,D (2677)-Kamsky,G (2676) Sochi 2017}) 7... d6 8. Nbd2 h6 9. Bh4 Qe7 10. O-O Bg4 11. h3 Be6 $146 ({Predecessor:} 11... Bd7 12. a4 g5 13. Bg3 Nh5 14. Kh2 Nd8 {½-½ (30) Kuipers,S (2468)-Beukema,S (2404) Wijk aan Zee 2018}) 12. a4 O-O 13. Nh2 Bxc4 14. Nxc4 {Black must now prevent Ng4.} Qe6 15. Qf3 {[#]} (15. Bxf6 $11 Qxf6 16. Qg4) 15... Nd7 (15... Nxe4 $1 $15 {[%mdl 512]} 16. b5 (16. Qxe4 d5 $15 {[%mdl 64] Double Attack}) (16. dxe4 Qxc4) 16... Nxc3 17. bxc6 e4) 16. Ne3 Bxe3 17. fxe3 Ne7 18. Bxe7 Qxe7 19. a5 c5 20. Ng4 cxb4 21. cxb4 Rac8 22. Rac1 Qe6 23. d4 h5 24. d5 Qg6 25. Nf2 Nf6 26. g3 Rfd8 27. Kh2 {The position is equal.} Nh7 28. Kg2 Nf6 29. Kh2 Nh7 30. Kg2 Nf6 {Accuracy: White = 53%, Black = 44%.} 1/2-1/2

[Event "19th Bangkok Open 2019"]
[Site "Bangkok"]
[Date "2019.04.11"]
[Round "6.9"]
[White "Lou, Yiping"]
[Black "Deshmukh, Anup"]
[Result "1-0"]
[WhiteElo "2482"]
[BlackElo "2253"]
[Annotator "TA"]
[PlyCount "87"]
[EventDate "2019.04.06"]
[EventType "swiss"]
[EventCountry "THA"]
[SourceTitle "playchess.com"]
[Source "ChessBase"]
[SourceQuality "1"]

{[%evp 10,87,31,27,46,45,55,46,52,27,75,37,41,32,47,33,42,40,86,89,91,43,140,119,181,127,113,116,121,96,218,220,233,223,293,200,298,228,263,266,369,377,403,393,404,402,365,402,386,380,454,457,483,511,664,629,682,692,719,560,549,543,547,497,650,642,657,602,779,746,715,717,687,641,641,634,634,634,627,614]} 1. d4 Nf6 2. c4 c6 3. Nc3 d5 4. e3 a6 5. Nf3 b5 6. b3 g6 {D15: Slav Defence: 4 Nc3 a6 and gambit lines after 4 Nc3 dxc4} (6... Bg4 7. cxd5 cxd5 8. Bd3 e6 9. a4 b4 10. Ne2 Bxf3 11. gxf3 Be7 12. Bd2 O-O 13. Rc1 Qd7 14. Qc2 Bd6 {1-0 (28) Aronian,L (2805)-Laznicka,V (2647) Riadh 2017}) 7. Be2 Bg7 8. O-O O-O {White is slightly better.} 9. Ne5 Qc7 $146 ({Predecessor:} 9... Bb7 10. Bf3 e6 11. Ba3 Re8 12. Rc1 Nfd7 13. Nd3 Nb6 14. Nc5 Bc8 15. cxd5 exd5 16. Ne2 {1-0 (55) Saduakassova,D (2472)-Paehtz,E (2487) St Petersburg 2018}) 10. cxd5 cxd5 11. Bd2 $36 {[%mdl 2048] White has the initiative.} Bb7 12. Nd3 Nbd7 13. a4 e5 14. Rc1 Qb8 15. dxe5 Ne4 (15... Nxe5 $14 16. Nxe5 (16. axb5 Nxd3 17. Bxd3 axb5 $14) 16... Qxe5) 16. f4 $16 Qa7 (16... Nxd2 $16 17. Qxd2 Qa7) 17. axb5 (17. Nxe4 $18 dxe4 18. Nf2) 17... Nxd2 18. Qxd2 {Black must now prevent bxa6.} d4 19. Nd1 Rac8 (19... axb5 $16 {keeps fighting.} 20. exd4 Qxd4+ 21. Qe3 Qb6) 20. Rxc8 $18 Rxc8 21. N3f2 Qa8 22. Qxd4 ({Don't do} 22. exd4 $6 Bxg2 23. Re1 (23. bxa6 Bxf1 24. Bxf1 Nb8 $16) 23... axb5 $16) 22... Nf8 (22... Rd8 {was necessary.} 23. bxa6 Bxg2) 23. e4 Ne6 24. Qe3 Bf8 25. f5 Bc5 26. Qh6 Nd4 27. Bc4 {[#] Strongly threatening fxg6.} Bxe4 28. fxg6 ({Stronger than} 28. bxa6 Bxg2 29. Re1 (29. fxg6 {leads to mate.} Nf3+ {[%mdl 64] Double Attack} 30. Kxg2 Ne1+ {[%mdl 64] Discovered Attack (Double check)} 31. Kh3 Qf3+ 32. Kh4 Ng2+ 33. Kg5 Be7#) 29... Bh1 $15) 28... Bxg6 29. bxa6 Ne6 30. Kh1 {White is clearly winning.} Bf8 31. Qh4 Rd8 32. Ne3 Rd4 33. Nfg4 Kh8 34. Qf2 Rf4 35. Qg3 Rxf1+ 36. Nxf1 Nc5 37. Qf4 Bg7 38. Nh6 Bxh6 39. Qxh6 Kg8 40. Qe3 Nxa6 41. e6 {[#] Qg5 is the strong threat.} Qc6 42. exf7+ Bxf7 43. Qg5+ Kf8 44. Qf5 {[%mdl 64] Double Attack. Accuracy: White = 71%, Black = 31%.} 1-0

[Event "19th Bangkok Open 2019"]
[Site "Bangkok"]
[Date "2019.04.11"]
[Round "6.10"]
[White "Luong, Phuong Hanh"]
[Black "Horvath, Jozsef"]
[Result "1/2-1/2"]
[WhiteElo "2273"]
[BlackElo "2479"]
[Annotator "TA"]
[PlyCount "98"]
[EventDate "2019.04.06"]
[EventType "swiss"]
[EventCountry "THA"]
[SourceTitle "playchess.com"]
[Source "ChessBase"]
[SourceQuality "1"]

{[%evp 19,98,19,3,-4,-11,-7,-10,-42,-42,-48,-37,-59,-58,-64,-56,-64,-54,-60,-67,-74,-74,-76,-76,-76,-84,-82,-75,-88,-80,-104,-100,-100,-62,-72,-50,-88,-80,-144,-76,-81,-66,-66,-51,-85,-81,-95,-51,-51,-51,-51,-50,-327,0,0,0,0,0,0,0,0,0,0,0,0,0,0,0,0,0,0,0,0,0,0,0,0,0,0,0,0,0]} 1. d4 Nf6 2. Nf3 e6 3. e3 b6 4. Bd3 Bb7 5. O-O Be7 6. c4 c5 7. Nc3 cxd4 8. exd4 d5 9. cxd5 Nxd5 10. Ne5 O-O 11. Qe2 {E14: Queen's Indian: Classical Variation (4 e3)} (11. Qg4 f5 12. Qe2 Bf6 13. Bc4 Re8 14. Rd1 Nd7 15. Bb5 Bxe5 16. dxe5 Qe7 17. Nxd5 Bxd5 18. Qh5 g6 19. Qh6 {1-0 (36) Kramnik,V (2777)-Topalov,V (2813) Skopje 2015}) 11... Nd7 12. Nxd5 $146 ({Predecessor:} 12. Bd2 N7f6 13. Rad1 Rc8 14. Rfe1 Bb4 15. Ne4 Bxd2 16. Qxd2 Rc7 17. Ng5 h6 {0-1 (49) Salles,L (2129)-De Oliveira,I (1877) Joinville 2014}) 12... Bxd5 13. Be4 Bxe4 14. Qxe4 Rc8 15. Nc6 Nf6 16. Qf3 Qd7 17. Nxe7+ Qxe7 18. Bg5 Rfd8 19. Rac1 Rxc1 20. Rxc1 Rxd4 21. Bxf6 gxf6 $17 {[%mdl 4096] Endgame KQR-KQR} 22. Qg3+ Kf8 23. h4 Qd8 24. Qf3 f5 ({Not} 24... Rxh4 $2 25. Qa3+ Ke8 26. Qa6 $18) 25. Qa3+ Kg8 26. Qxa7 Rxh4 27. Qb7 Kg7 28. g3 (28. Qc7 $142 Qd2 29. g3) 28... Qd2 (28... Rd4 $142 29. Qf3 Kg6) 29. Qc7 Re4 30. Qc3+ Rd4 31. Rc2 Qd1+ 32. Kg2 e5 33. Qe3 {[#] Threatens to win with Qg5+.} f6 ({But not} 33... Qxc2 $6 34. Qxe5+ Kf8 35. Qxd4 $14) 34. Qb3 {Rc7+ is the strong threat.} Rd7 35. Rc7 $2 {[%mdl 8192]} (35. Qe6 $15) 35... Qd6 $2 (35... Qxb3 $19 36. Rxd7+ {[#]} Qf7 $1 {[%mdl 512]} 37. Rxf7+ Kxf7) 36. Rxd7+ $11 {The position is equal.} Qxd7 37. Qxb6 {KQ-KQ} Qd5+ 38. Kh2 Qxa2 39. Qb7+ Kg6 40. Qb8 f4 41. Qe8+ Kg5 42. gxf4+ Kxf4 43. Qe7 f5 44. Qh4+ Kf3 {Strongly threatening ...Qe6.} 45. Qg3+ Ke4 46. Qe3+ Kd5 47. Qd2+ Ke6 48. Qh6+ Kd5 49. Qd2+ Ke6 {Accuracy: White = 58%, Black = 62%.} 1/2-1/2

[Event "19th Bangkok Open 2019"]
[Site "Bangkok"]
[Date "2019.04.11"]
[Round "6.11"]
[White "Pascua, Haridas"]
[Black "Cholleti Sahajasri"]
[Result "1/2-1/2"]
[WhiteElo "2426"]
[BlackElo "2232"]
[Annotator "TA"]
[PlyCount "32"]
[EventDate "2019.04.06"]
[EventType "swiss"]
[EventCountry "THA"]
[SourceTitle "playchess.com"]
[Source "ChessBase"]
[SourceQuality "1"]

{[%evp 12,32,0,0,0,-10,-6,-16,-14,-24,-21,-60,-45,-51,-54,-67,-47,-47,-56,-102,-105,-519,0]} 1. c4 c5 2. g3 g6 3. Bg2 Bg7 4. Nc3 Nc6 5. Nf3 e6 6. d3 Nge7 7. h4 h6 {A37: Symmetrical English vs ...g6: 4 Bg2 Bg7 5 Nf3} 8. Bd2 d5 (8... b6 9. Rb1 Bb7 10. O-O O-O 11. Qc1 Kh7 12. a3 d6 13. b4 Qd7 14. e3 Rad8 15. Rd1 Qc8 16. Nb5 Qa8 17. Nc7 Qc8 18. Nb5 Qa8 19. Nc7 Qc8 {½-½ (19) Medvegy,Z (2550)-Hera,I (2619) Germany 2018}) 9. Qc1 b6 {The position is equal.} 10. Rb1 Bb7 11. Bf4 $146 ({Predecessor:} 11. O-O Rc8 12. Re1 dxc4 13. dxc4 Nf5 14. Rd1 Qe7 15. Be1 O-O 16. e3 Rfd8 17. Qc2 Rxd1 18. Rxd1 Rd8 {½-½ (18) Leitner,M (2223)-Motl,M (2174) Bayern 2017}) 11... e5 12. cxd5 Nxd5 13. Bd2 Nd4 14. Nxd4 exd4 15. Nb5 Qd7 16. Nc3 $2 {[%mdl 8192] [#]} (16. a4 $17) 16... Qd8 $2 ({Black should play} 16... Nxc3 $19 17. bxc3 Bxg2) 1/2-1/2

[Event "19th Bangkok Open 2019"]
[Site "Bangkok"]
[Date "2019.04.11"]
[Round "6.12"]
[White "Sauravh, Khherdekar"]
[Black "Barua, Dibyendu"]
[Result "1-0"]
[WhiteElo "2247"]
[BlackElo "2409"]
[Annotator "TA"]
[PlyCount "119"]
[EventDate "2019.04.06"]
[EventType "swiss"]
[EventCountry "THA"]
[SourceTitle "playchess.com"]
[Source "ChessBase"]
[SourceQuality "1"]

{[%evp 13,119,-17,0,-4,0,0,-12,-10,0,-37,-25,-20,14,-60,-40,-34,-39,-56,-26,-17,-13,-23,-29,-37,0,-32,-33,-30,-32,-32,0,0,0,0,0,-7,-10,-10,-13,-11,110,0,0,-10,58,52,54,45,79,78,47,9,10,0,151,137,193,155,157,155,141,126,133,125,134,119,165,178,229,196,179,166,241,240,276,283,296,270,339,333,425,425,370,325,339,193,199,191,445,441,561,558,442,556,527,508,477,460,2370,2306,2215,2063,1731,1248,29980,29981,29989,29990]} 1. c4 e5 2. Nc3 Nc6 3. Nf3 g6 4. d4 exd4 5. Nd5 Bg7 6. Bg5 Nce7 7. Nxd4 c6 8. Nc3 {A27: English Opening: Three Knights Variation} h6 9. Bf4 d5 10. e3 {The position is equal.} Nf6 11. Be2 dxc4 (11... O-O 12. O-O dxc4 13. Bxc4 Ned5 14. Nxd5 Nxd5 15. Bg3 Nb6 {0-1 (29) Rakhmanov,A (2603)-Almeida Quintana,O (2525) Havana 2012}) 12. Bxc4 Nh5 13. Bg3 (13. Qf3 $11 Nxf4 14. Qxf4) 13... O-O (13... Nxg3 {looks sharper.} 14. hxg3 Nf5 15. Qf3 O-O 16. Nde2 Qe7) 14. O-O Nxg3 15. hxg3 Qa5 $146 ({Predecessor:} 15... Nf5 16. Nxf5 Bxf5 {0-1 (40) Aramanovich,I-Alatortsev,V Moscow 1945}) 16. Qe2 Bd7 17. Rad1 Rad8 18. Rd2 Nf5 19. Nb3 Qc7 $1 20. Nc5 Bc8 21. Rfd1 b6 22. N5e4 b5 23. Bb3 a5 24. a3 Rxd2 25. Qxd2 Ne7 26. Qd6 Be5 {[#]} (26... Qxd6 $11 27. Nxd6 a4) 27. Qxc7 (27. Qc5 $1 $16) 27... Bxc7 $11 28. Nd6 (28. a4 {seems wilder.} b4 29. Ne2 Kg7 30. Nd4 Rd8 31. Nc5) 28... Be6 ({Black should play} 28... a4 $11 29. Nxc8 Rxc8) 29. Bxe6 $14 fxe6 30. Nb7 $36 {[%mdl 2048] Strongly threatening Rd7. White has the initiative.} Nd5 31. Ne4 Kf7 32. Nec5 Ke7 33. Nb3 Ra8 $2 {[#]} (33... a4 $11 34. Nd4 Bb6) 34. Nd4 $16 Ra6 (34... b4 $16 35. Nxc6+ Kd7) 35. Nc5 Rb6 36. Ndxe6 Bd6 37. e4 Nc7 38. e5 $1 {[%cal Re5d6]} Bxc5 39. Nxc5 {[%mdl 4096] Endgame KRN-KRN} Nd5 40. f4 Rb8 (40... a4 {keeps fighting.} 41. Rc1 Rb8) 41. Kf2 a4 42. Na6 Rd8 (42... Rc8 {was called for.} 43. Kf3 h5) 43. Rc1 $18 Kd7 44. Kf3 h5 45. g4 Rf8 46. g3 hxg4+ 47. Kxg4 Rh8 48. Nc5+ Ke7 49. Nd3 (49. Ne4 $142) 49... Ne3+ 50. Kg5 Nc4 $2 (50... Rh3) 51. g4 Kf7 52. f5 gxf5 53. gxf5 Rg8+ 54. Kf4 Rd8 55. Nc5 Nxb2 (55... Rd4+ $142 56. Ne4 Nd2) 56. e6+ Ke7 57. Rh1 Rd4+ 58. Kg5 b4 59. axb4 a3 60. f6+ {Accuracy: White = 60%, Black = 44%.} 1-0

[Event "19th Bangkok Open 2019"]
[Site "Bangkok"]
[Date "2019.04.12"]
[Round "7.1"]
[White "Short, Nigel D"]
[Black "Gustafsson, Jan"]
[Result "1/2-1/2"]
[WhiteElo "2636"]
[BlackElo "2633"]
[Annotator "TA"]
[PlyCount "53"]
[EventDate "2019.04.06"]
[EventType "swiss"]
[EventCountry "THA"]
[SourceTitle "playchess.com"]
[Source "ChessBase"]
[SourceQuality "1"]

{[%evp 24,53,0,3,22,20,21,0,0,0,0,-72,0,0,0,0,0,0,0,0,0,0,0,0,0,0,0,0,0,0,0,0]} 1. d4 Nf6 2. Nf3 d5 3. c4 e6 4. Nc3 dxc4 5. e4 Bb4 6. Bg5 c5 7. Bxc4 cxd4 8. Nxd4 Bxc3+ 9. bxc3 Qa5 10. Bxf6 Qxc3+ {D39: Queen's Gambit Declined: Ragozin Defence with 5 Bg5 dxc4} 11. Kf1 gxf6 12. Rc1 Qa5 13. g3 {LiveBook: 7 Games} (13. Qg4 Ke7 14. Qg7 Rf8 15. h4 Nc6 16. Nxc6+ bxc6 17. Rh3 Ba6 18. Rhc3 {½-½ (31) Bu,X (2712)-Piorun,K (2612) Batumi 2018}) 13... Ke7 14. Kg2 Rd8 15. Nf5+ exf5 16. Qh5 Rf8 {[#]} (16... Be6 17. Bxe6 fxe6 18. Qxh7+ Ke8 19. Qg8+ Ke7 20. Qg7+ Ke8 21. Qxf6 $14) 17. Rhe1 $146 {[#]} (17. Bxf7 $1 $11 {[%mdl 512]} Nc6 (17... Rxf7 18. Rxc8) 18. Bd5) ({Predecessor:} 17. Bxf7 Nc6 18. Bb3 {1-0 (57) Perez Lopez,A (2057)-Aymard,M (2046) ICCF email 2015}) 17... Nc6 (17... Bd7 $1 $17 18. Bxf7 (18. exf5+ Kd8 $17) 18... Rxf7 19. exf5+ {[#]} Qxe1 $1 {[%mdl 512]} 20. Rxe1+ Kf8) 18. exf5+ $11 {The position is equal.} Kd6 $1 {White must now prevent ...Bd7.} 19. Qh6 {[%mdl 64] Double Attack} Bd7 $1 20. Qf4+ Ne5 {Strongly threatening ...Bc6+.} 21. Qd4+ $1 Ke7 $1 {Hoping for ...Bc6+.} ({Much worse is} 21... Kc7 $6 22. Bd5+ (22. Bb5+ $2 Bc6+ 23. Bxc6 bxc6 $19) 22... Bc6 23. Rxe5 $16 (23. Bxc6 $2 bxc6 24. Qc3 Qxc3 $19)) 22. Bd5 Rfd8 {And now ...Kf8 would win.} ({Don't play} 22... Bxf5 $6 23. Rxe5+ Be6 24. Re2 $16) 23. Rxe5+ $1 fxe5 24. Qxe5+ Kf8 25. Qh8+ Ke7 26. Qe5+ Kf8 27. Qh8+ 1/2-1/2

[Event "19th Bangkok Open 2019"]
[Site "Bangkok"]
[Date "2019.04.12"]
[Round "7.2"]
[White "Lalith Babu M R"]
[Black "Lou, Yiping"]
[Result "1/2-1/2"]
[WhiteElo "2577"]
[BlackElo "2482"]
[Annotator "TA"]
[PlyCount "29"]
[EventDate "2019.04.06"]
[EventType "swiss"]
[EventCountry "THA"]
[SourceTitle "playchess.com"]
[Source "ChessBase"]
[SourceQuality "1"]

{[%evp 12,29,32,18,21,4,8,12,16,13,2,7,10,0,0,0,0,0,12,7]} 1. c4 Nf6 2. Nc3 e6 3. e4 d5 4. e5 d4 5. exf6 dxc3 6. bxc3 Qxf6 7. Nf3 b6 {The position is equal. A18: English Opening: Flohr-Mikenas System (1 c4 Nf6 2 Nc3 e6 3 e4)} 8. g3 $146 (8. d4 Bb7 9. Bd3 h6 10. O-O Bd6 11. Nd2 O-O 12. Re1 Qh4 13. h3 c5 14. Ne4 Bc7 15. Rb1 Nd7 16. Nxc5 Nxc5 17. dxc5 {½-½ (26) Radjabov,T (2751)-Wojtaszek,R (2727) Batumi 2018}) 8... Bb7 9. Bg2 Nd7 10. O-O Bd6 11. d4 Rb8 12. Ng5 Bxg2 13. Kxg2 Qf5 14. Re1 O-O 15. Ne4 1/2-1/2

[Event "19th Bangkok Open 2019"]
[Site "Bangkok"]
[Date "2019.04.12"]
[Round "7.3"]
[White "Schebler, Gerhard"]
[Black "Sengupta, Deep"]
[Result "1/2-1/2"]
[WhiteElo "2385"]
[BlackElo "2551"]
[Annotator "TA"]
[PlyCount "33"]
[EventDate "2019.04.06"]
[EventType "swiss"]
[EventCountry "THA"]
[SourceTitle "playchess.com"]
[Source "ChessBase"]
[SourceQuality "1"]

{[%evp 11,33,-10,-2,-27,-27,-37,-21,-31,-48,-33,-34,-22,-27,-21,-29,-26,-25,-30,36,12,104,98,99,95]} 1. e4 e6 2. d4 d5 3. Nc3 Nf6 4. Bg5 Bb4 5. Bd3 dxe4 6. Bxe4 Nbd7 7. Qd3 {C12: French: Classical System: McCutcheon Variation} c5 8. Nge2 Qb6 $146 ({Predecessor:} 8... Qa5 9. Bd2 cxd4 10. Qxd4 e5 11. Qe3 Nxe4 12. Nxe4 Bxd2+ 13. Qxd2 Qxd2+ 14. Kxd2 Ke7 {½-½ (65) Labib,I (2439)-Socko,B (2577) Linares 2003}) 9. O-O-O {The position is equal.} cxd4 10. Qxd4 Qxd4 11. Rxd4 Bc5 12. Rd2 Bxf2 13. Nd4 Bxd4 $1 14. Rxd4 a6 (14... Nxe4 $11 15. Nxe4 O-O) 15. Rhd1 {[%mdl 1024] White has compensation.} Rb8 {[#]} (15... O-O $11 {keeps the balance.}) 16. Bf4 $1 $16 {[%cal Rf4b8]} Ra8 ({Don't blunder} 16... e5 $2 {[#]} 17. Bxe5 $1 {[%mdl 512]} O-O 18. Bxb8 $18) 17. Bd6 1/2-1/2